| 000 | 00753cam a2200217 4500 | ||
|---|---|---|---|
| 001 | X103027 | ||
| 008 | 000000n1999 000 0 eng u | ||
| 035 | _a(Sirsi) u103027 | ||
| 100 | _aBrymer, S. | ||
| 245 | _aAppeal by stated case | ||
| 260 | _c1999 | ||
| 490 |
_aProperty Law _v(42) November 1999, 4-5 (2) |
||
| 520 | _aDescribes the procedure under Scottish law which is used by an arbiter to appeal by stated case | ||
| 650 | _aMANAGEMENT-DISPUTE AVOIDANCE, MANAGEMENT AND RESOLUTION-DISPUTE MANAGEMENT AND RESOLUTION-ARBITRATION | ||
| 650 | _aAPPEALS SYSTEM | ||
| 650 | _aADMINISTRATION OF JUSTICE (SCOTLAND) ACT 1972 | ||
| 650 | _aCOMMERCIAL LEASES | ||
| 650 | _aCOURT OF SESSION | ||
| 690 |
_aDispute resolution _96236 |
||
| 942 | _n0 | ||
| 999 |
_c61912 _d61912 |
||